Il Sannio e i Sanniti

Guardado en:
Detalles Bibliográficos
Autor principal: Salmon, E. T (Autor)
Formato: Libro
Lenguaje:italiano
Publicado: Turín Einaudi 1985
Colección:Saggi, 678
Materias:
Etiquetas: Agregar Etiqueta
Sin Etiquetas, Sea el primero en etiquetar este registro!

MARC

LEADER 00000nam a2200000 a 4500
001 UCP9458
003 CL-VaPUC
008 000324e19850000IT |||||||||||||||||ita|d
082 0 4 |a 937.03  |b SAL  |2 21 
100 0 |a Salmon, E. T  |e author  |9 440048 
245 1 3 |a Il Sannio e i Sanniti 
300 |a 462 p 
942 |c BK 
945 |d 20000324 00:00:00  |a rherrera 
260 |a Turín  |b Einaudi  |c 1985 
650 0 |a Historia antigua  |9 267521 
650 7 |a ROMA  |2 CL-VaPUC  |9 317375 
650 7 |a GUERRAS SAMNITICAS  |2 CL-VaPUC  |9 440049 
650 7 |a SAMNITAS  |2 CL-VaPUC  |9 440050 
651 7 |a SAMNIO  |2 CL-VaPUC  |9 440051 
583 |a last modification  |c 20000324 00:00:00  |k Rodrigo Vera 
490 0 |a Saggi, 678 
999 |c 286270  |d 286268 
952 |0 0  |1 0  |4 0  |6 937_030000000000000_SAL_1985  |7 0  |8 A  |9 331794  |a BIBHIS  |b BIBHIS  |d 2019-11-20  |i 1260235  |o 937.03 SAL 1985  |p 1260235  |r 2025-01-20  |w 2019-11-20  |y BK  |k HIS